Word Ladder: Parks and Recreation Quiz Stats

 Plays Quiz Updated Jun 27, 2017

Support Sporcle.
Go Orange.
Score 0/27 Timer 03:00
0 Plays Today
Clue 3-Letter Word % Correct
▪ Nick Offerman as ___ Swanson ▪•RON•
95.3%
▪ Aziz Ansari as ___ Haverford ▪•TOM•
95.2%
2,000 poundsTON
93.7%
▪ Adam Scott as ___ Wyatt ▪•BEN•
93.7%
▪ Rashida Jones as ___ Perkins ▪•ANN•
93.6%
▪ ___ Lowe as Chris Traeger ▪•ROB•
92.1%
SprintedRAN
91.2%
Opposite of a proCON
90.3%
Allen or Burton, e.g.TIM
90.2%
WagerBET
88.7%
To prohibitBAN
88.5%
Element with symbol SnTIN
88.4%
To decayROT
88.3%
▪ ___ Poehler as Leslie Knope ▪•AMY•
88%
Clue 3-Letter Word % Correct
Network that aired 'Piers Morgan Live'CNN
87.1%
▪ ___ O'Heir as Jerry Gergich ▪•JIM•
86.4%
Something you might put on breadJAM
85.4%
A small childTOT
85.4%
Ready, ___, fire!AIM
84.4%
Marley or Knight, e.g.BOB
83.1%
AlsoAND
81.2%
Assist or helpAID
80.9%
HappinessJOY
76.5%
Turing test participantBOT
76.1%
A nondescript oneANY
73%
Scheider of 'Jaws'ROY
70.4%
▪ ___ Jackson as Perd Hapley ▪•JAY•
69.9%

Today's Daily Dose

You're not logged in!

Compare scores with friends on all Sporcle quizzes.
OR
Log In
Forgot?

From the Vault

MLB Kenny Lofton Teams

by DaCollins33

Kenny is pretty much the Vinny Testaverde of baseball.
Remove Ads.
Support Sporcle.
Get the best of Sporcle when you Go Orange. This ad-free experience offers more features, more stats, and more fun while also helping to support Sporcle. Thank you for becoming a member.

Show Comments

Extras

Top Quizzes Today


Score Distribution

Your Account Isn't Verified!

In order to create a playlist on Sporcle, you need to verify the email address you used during registration. Go to your Sporcle Settings to finish the process.

Report this User

Report this user for behavior that violates our Community Guidelines.

Details: